Pixar Cars 3 Thunder Hollow Racers by Name - Statistics

General Stats
  • This quiz has been taken 46 times
  • The average score is 9 of 27
Answer Stats
Picture Answer % Correct
Arvy Motorhome
77%
Taco
68%
Miss Fritter
59%
Hit
55%
Run
55%
Dr. Damage
50%
Fishtail
41%
Chester Whipplefilter
36%
High Impact
36%
Superfly
36%
Blind Spot
32%
Jimbo
32%
T-Bone
32%
APB
27%
Frances Beltline
27%
Bill
23%
Patty
23%
Pileup
23%
Todd
23%
Broadside
18%
Cigalert
18%
faregame
18%
Pushover
18%
Airborn
14%
Tailgate
14%
Jambalaya Chimichanga
9%
Liability
9%
No matching quizzes found
Score Distribution
Percent of People with Each Score
Percentile by Number Answered
Your Score History
You have not taken this quiz